00947nam a22002657a 450000500170000001000130001702000230003003500130005303700160006604000120008208200080009410000180010224500690012026000410018927000450023030000260027550000480030165000280034965000310037765000420040865000610045094200220051199900190053395201290055220170124105909.0 aA-947427 a8185989141c150.00 aA-947427 bcen Lib/Ret aDPLbEN a658 aMoshak, B. S. aOrganisation and management :btext and cases /cby B. S. Moshal aNew DelhibGalgotia Publishingc1998 a6A/4, WEA, Karol BaghbNew Delhie110005 aviii,435p.c25cm(pbk) aIncludes bibliographic references and index aOrganisation management aManagement(Text and cases) aसंगठन प्रबंधन aप्रबंधन (पाठ और मामले) 2ddccENh658mMOS c122415d122415 001040718REFaLbLd2015-05-22eCen Lib/Retg150.00l0o658 MOSpA-947427r2015-05-22 00:00:00t1v150.00w2016-09-15yEN